000
00266nam a22001217a 4500
008
180131b xxu||||| |||| 00| 0 eng d
041
_a
eng
080
_a
617
100
_a
5
101
_a
kir
245
_a
equine medicine surgery
_c
catcott.e.j
942
_2
udc
_c
BK
999
_c
41333
_d
41333